000 00248nam a2200097Ia 4500
001 696170
005 20250826162007.0
008 250824s9999 xx 000 0 und d
245 0 _aKIYI KİTABI/E.TEMELKURAN/EVEREST
_cECE TEMELKURAN
260 _bEVEREST
999 _c696170
_d696170